<?xml version="1.0" encoding="UTF-8"?>
<record
    xmlns:xsi="http://www.w3.org/2001/XMLSchema-instance"
    xsi:schemaLocation="http://www.loc.gov/MARC21/slim http://www.loc.gov/standards/marcxml/schema/MARC21slim.xsd"
    xmlns="http://www.loc.gov/MARC21/slim">

  <leader>00898nab a2200265 uc4500</leader>
  <controlfield tag="001">762902</controlfield>
  <controlfield tag="005">20250207091230.0</controlfield>
  <controlfield tag="008">020723e20011205                    spa  </controlfield>
  <datafield tag="035" ind1=" " ind2=" ">
    <subfield code="a">762902</subfield>
  </datafield>
  <datafield tag="035" ind1=" " ind2=" ">
    <subfield code="a">(OCoLC)819981783</subfield>
  </datafield>
  <datafield tag="040" ind1=" " ind2=" ">
    <subfield code="c">comduadb</subfield>
  </datafield>
  <datafield tag="041" ind1=" " ind2=" ">
    <subfield code="a">spa</subfield>
  </datafield>
  <datafield tag="100" ind1="1" ind2="0">
    <subfield code="a">Vasco Uribe, Alberto</subfield>
    <subfield code="d">1943-</subfield>
    <subfield code="4">aut</subfield>
    <subfield code="e">aut</subfield>
    <subfield code="9">334423</subfield>
  </datafield>
  <datafield tag="245" ind1="1" ind2="0">
    <subfield code="a">Politica de frentes</subfield>
  </datafield>
  <datafield tag="650" ind1=" " ind2="7">
    <subfield code="a">Pol&#xED;tica</subfield>
    <subfield code="z">Colombia</subfield>
    <subfield code="2">lemb</subfield>
    <subfield code="9">20807</subfield>
  </datafield>
  <datafield tag="650" ind1=" " ind2="7">
    <subfield code="a">Izquierdas (Pol&#xED;tica)</subfield>
    <subfield code="z">Colombia</subfield>
    <subfield code="2">lemb</subfield>
    <subfield code="9">178087</subfield>
  </datafield>
  <datafield tag="650" ind1=" " ind2=" ">
    <subfield code="a">Oposici&#xF3;n pol&#xED;tica</subfield>
    <subfield code="9">74756</subfield>
  </datafield>
  <datafield tag="650" ind1=" " ind2=" ">
    <subfield code="a">Frente Democr&#xE1;tico</subfield>
    <subfield code="9">86697</subfield>
  </datafield>
  <datafield tag="650" ind1=" " ind2=" ">
    <subfield code="a">Uni&#xF3;n Patri&#xF3;tica</subfield>
    <subfield code="9">92934</subfield>
  </datafield>
  <datafield tag="650" ind1=" " ind2=" ">
    <subfield code="a">Frente Politico y Social</subfield>
    <subfield code="9">100308</subfield>
  </datafield>
  <datafield tag="650" ind1=" " ind2=" ">
    <subfield code="a">Gobernabilidad - Colombia</subfield>
    <subfield code="9">75992</subfield>
  </datafield>
  <datafield tag="651" ind1=" " ind2="7">
    <subfield code="a">Colombia</subfield>
    <subfield code="x">Historia</subfield>
    <subfield code="y">Frente Nacional, 1958-1974</subfield>
    <subfield code="2">lemb</subfield>
    <subfield code="9">858469</subfield>
  </datafield>
  <datafield tag="773" ind1="0" ind2=" ">
    <subfield code="t">Lectiva (Medell&#xED;n)</subfield>
    <subfield code="g">N&#xFA;mero 05, Diciembre 2001, p. 131-135</subfield>
    <subfield code="w">167254</subfield>
    <subfield code="x">0123-3386</subfield>
    <subfield code="0">174485</subfield>
  </datafield>
  <datafield tag="942" ind1=" " ind2=" ">
    <subfield code="c">ARIMP</subfield>
  </datafield>
  <datafield tag="999" ind1=" " ind2=" ">
    <subfield code="c">250382</subfield>
    <subfield code="d">250382</subfield>
  </datafield>
</record>
